LEADER 00938nam0-2200313---450- 001 990009378290403321 005 20110615104531.0 035 $a000937829 035 $aFED01000937829 035 $a(Aleph)000937829FED01 035 $a000937829 100 $a20110615d1968----km-y0itay50------ba 101 0 $afre 102 $aFR 105 $a--------001yy 200 1 $aAtlas stéréotaxique du cerveau de babouin$e(papio papio)$fD. Riche ... [et al.] 210 $aParis$cÉditions du Centre national de la recherche scientifique$d1968 215 $a209 p.$cill., 120 fig.$d23x29 cm 610 0 $aCervello$aAtlanti 610 0 $aBabbuini$aAnatomia$aAtlanti 676 $a599.82 702 1$aRiche,$bD. 801 0$aIT$bUNINA$gRICA$2UNIMARC 901 $aBK 912 $a990009378290403321 952 $aIIIc C 158$bs.i.$fDMVSF 959 $aDMVSF 996 $aAtlas stéréotaxique du cerveau de babouin$9763256 997 $aUNINA LEADER 01287cam0-22003971i-450 001 990007097040403321 005 20190515122010.0 010 $a88-495-0006-8 035 $a000709704 035 $aFED01000709704 035 $a(Aleph)000709704FED01 035 $a000709704 100 $a20020624d2000----km-y0itay50------ba 101 0 $aita 102 $aIT 105 $aa-------001yy 200 1 $a<>rumore provocato dal traffico aereo$eil caso dell'aereoporto di Capodichino$fAndrea Tocchetti, Sergio Fiengo, Vittorio De Riso di Carpinone 210 $aNapoli$cEdizioni scientifiche italiane$d2000 215 $a91 p., [2] c. di tav.$cill.$d24 cm 225 1 $aInfrastrutture senza frontiere$v1 610 0 $aInquinamento acustico$aNapoli$aAeroporto di Capodichino 676 $a363.741$v21$zita 700 1$aTocchetti,$bAndrea$02007 701 1$aDe Riso di Carpinone,$bVittorio$0261230 701 1$aFiengo,$bSergio$0413924 801 0$aIT$bUNINA$gRICA$2UNIMARC 901 $aBK 912 $a990007097040403321 952 $aVII C 353$b36910$fFSPBC 952 $a13 D 02 06$b15962$fFINBC 952 $a03.1820$b9/19$fDARST 959 $aDARST 959 $aFSPBC 959 $aFINBC 996 $aRumore provocato dal traffico aereo$9704073 997 $aUNINA